000 00429nam a2200157Ia 4500
008 221030s9999 xx 000 0 und d
020 _a0071133429
041 _aEnglish
082 _a105.23
_bHwa
100 _aK. Hwang
245 0 _aAdvanced Computer Architecture : Parallelism, Stability, Programmability
_cby K. Hwang
260 _bMcGraw-Hill Pub.
_aNew Delhi
_c2000
300 _a770
650 _aBE Computer
942 _cBK
999 _c7940
_d7940